Famous Women - Statistics

General Stats
  • This quiz has been taken 91 times
  • The average score is 7 of 14
Answer Stats
Hint Answer % Correct
First woman to win a Noble Prize Marie Curie
92%
Wrote diary during WWII (German) Anne Frank
88%
American civil rights activist; bus Rosa Parks
88%
Chancellor of Germany Angela Merkel
87%
Last pharaoh, linguist and diplomat Cleopatra
86%
Coronated 2 June 1953 Elizabeth II
66%
15-year old environmentalist (Swedish) Greta Thunberg
49%
Won Noble Peace Prize (Macedonian) Mother Teresa
43%
Liberal Member of the Supreme Court (85 years old) Ruth Bader Ginsburg
42%
First programmer (of both sexes) Ada Lovelace
29%
Discovered nuclear fission (sadly no Noble Prize) Lise Meitner
10%
"Best female mathmatician" according to Einstein Emmy Noether
6%
First female Noble Peace Prize recipient Bertha von Suttner
5%
Only female Fields Medal recipient Maryam Mirzakhani
5%
No matching quizzes found
Score Distribution
Percent of People with Each Score
Percentile by Number Answered
Your Score History
You have not taken this quiz